000 00579cam a2200181 4500500
005 20260405002906.0
041 _afre
042 _adc
100 1 0 _aPortevin, Catherine
_eauthor
245 0 0 _aQuelqu’un à qui parler. Une histoire de la voix intérieure
260 _c2019.
500 _a21
690 _aIntériorité
690 _aVictor Rosenthal
690 _aVoix
786 0 _nPhilosophie magazine | 127 | 3 | 2019-03-01 | p. 58-59 | 1951-1787
856 4 1 _uhttps://shs.cairn.info/magazine-philosophie-magazine-2019-3-page-58?lang=fr&redirect-ssocas=7080
999 _c2062203
_d2062203